000 00892nam a2200253 a 4500
001 000040764
003 DO-SdBNP
005 20220606135641.0
008 130906s2011 sp abc 001 0 spa d
020 _a9788441428799
040 _aDO-SdBNP
_bspa
_cBNPHU
082 _axxx
_bxxx
100 1 _aCanales Torres, Carlos
_d1955-
_967168
245 1 0 _aNaves Mancas. :
_bla armada española a vela de Cabo Celidonia a Trafalgar /
_cCarlos Canales Torres, Miguel del Rey Vicente.
250 _a3a. ed.
260 _aMadrid, España :
_bedaf,
_c2011.
300 _a350 p. :
_bil., map., retr. ;
_c24 cm.
500 _aIncluye datos biografícos de los autores en la solapa de la portada
504 _aBibliografía p: 339-341
586 _aIX premio Algaba
700 1 _aRey Vicente, Miguel del
_967169
710 2 _aEdiciones-Distribuciones Antonio Fossati, S.A.
_967170
942 _2ddc
_cLBS1
999 _c40254
_d40254